| 000 | 00773cam a2200193 4500 | ||
|---|---|---|---|
| 001 | X104219 | ||
| 008 | 000000n2000 000 0 eng u | ||
| 035 | _a(Sirsi) u104219 | ||
| 245 | _aStruggles and others v Lloyds TSB plc | ||
| 260 | _c2000 | ||
| 490 |
_aEstates Gazette Case Summaries _v [2000] EGCS 17 (1) |
||
| 520 | _aT&CC 1 February 2000. Mortgagee bank exercising right to sell claimants' property. Claimants claiming loss by reason of bank's failure to acheive proper market price. Whether bank taking reasonable care to obtain a proper price. Claim dismissed. | ||
| 650 | _aSTRUGGLES AND OTHERS V LLOYDS TSB PLC | ||
| 650 | _aMORTGAGES | ||
| 650 | _aMARKET PRICE | ||
| 650 | _aREASONABLE CARE | ||
| 690 | _aHOUSING-HOUSING FINANCE-CASE LAW | ||
| 942 | _n0 | ||
| 999 |
_c62539 _d62539 |
||